• 首页
  • 本馆介绍
  • 公告通知
  • 最新文献
  • 馆藏检索
  • 电子资源
  • 读者荐购
  • 参考咨询
  • CALIS
  • 我的图书馆
  • 登录
  • 详细信息显示
  • 放入我的书架
  • 预约/预借图书
  • 作者相关作品
  • 分类相关作品
  • 丛书相关作品
  • 出版社相关作品

书目信息

  • 表格格式
  • 工作单格式
  • 卡片格式
题名:
道路交通事故预防规律
    
 
作者: 白春虎 , 敦进田 , 陈颖 著
分册:   三点两段定律
出版信息: 北京   人民交通出版社  2007.10
页数: 243页
开本: 23cm
丛书名:
单 册:
中图分类: U491.3
科图分类:
主题词: 公路运输--gong lu yun shu--交通运输事故--预防
电子资源:
ISBN: 978-7-114-06750-1
 
 
 
 
 
000 01211nam0 2200301 450
001 012008830673
005 20080425152248.32
010    @a978-7-114-06750-1@dCNY35.00 (含光盘)
010    @a978-7-88713-103-4@b光盘
100    @a20080425d2007 em y0chiy0120 ea
101 0  @achi
102    @aCN@b110000
105    @ay a 000yy
106    @ar
200 1  @a道路交通事故预防规律@Adao lu jiao tong shi gu yu fang gui lu@i三点两段定律@f白春虎 ... [等] 著@Fbai chun hu...[deng]zhu
210    @a北京@c人民交通出版社@d2007.10
215    @a243页@d23cm@e光盘1片
304    @a题名页题: 白春虎, 敦进田, 陈颖, 冯晓斌著
320    @a有书目
330    @a本书清晰地勾勒出道路交通事故的实质、起源,提出了可以量化道路交通危险存在范围的“三点两段定律”,揭示了安全行车的规律,归纳出了反映道路交通错综复杂关系的五种危险结构,并用“整体观念”对每种危险结构的对立统一的整体关系进行了分析论证。
517 1  @a三点两段定律@Asan dian liang duan ding lu
606 0  @a公路运输@Agong lu yun shu@x交通运输事故@x预防
690    @aU491.3@v4
701  0 @a白春虎@Abai chun hu@4著
701  0 @a敦进田@Adun jin tian@4著
701  0 @a陈颖@Achen ying@4著
801  0 @aCN@bQSSK@c20080425
905    @b297363-64@dU491.3@eB112@f2
    
    道路交通事故预防规律.三点两段定律/白春虎 ... [等] 著.-北京:人民交通出版社,2007.10
    243页;23cm+光盘1片
    
    
    ISBN 978-7-114-06750-1:CNY35.00 (含光盘)
    本书清晰地勾勒出道路交通事故的实质、起源,提出了可以量化道路交通危险存在范围的“三点两段定律”,揭示了安全行车的规律,归纳出了反映道路交通错综复杂关系的五种危险结构,并用“整体观念”对每种危险结构的对立统一的整体关系进行了分析论证。
●
相关链接 在E读中查询图书 在当当中查询图书 在豆瓣中查询图书


正题名:道路交通事故预防规律     索取号:U491.3/B112         预约/预借

序号 登录号 条形码 馆藏地/架位号 状态 备注
1 297363   202973639   自科库501/501自科库 58排4列1层/ [索取号:U491.3/B112] 在馆    
2 297364   202973648   自科库501/501自科库 58排4列1层/ [索取号:U491.3/B112] 在馆    
河南城建学院图书馆 欢迎您!
大连网信软件有限公司© 版权所有